000 00398nam a2200157 i 4500
001 50538
003 ES-MaACL
005 20230906162211.0
007 t|
008 030805s1923 sp ||||1| spa d
100 1 _aCuartero, José.
_941915
245 1 3 _aLa España chica /
_cJosé Cuartero.
260 _aMadrid :
_bJ. Morales,
_c1923.
300 _a142 p. ;
_c19 cm.
852 _aES-MaACL
_jF-4740
999 _c50538
_d50538